000 00734nam a22002537a 4500
999 _c314182
_d314182
001 27830
003 UA-OsUOA
005 20200201215129.0
007 ta
008 20040914b un ||||| |||| 00| 0 ukr d
020 _a966-7206-08-4
040 _aUA-OsUOA
_bukr
_cUA-OsUOA
_dUA-OsUOA
041 _aukr
044 _aUA
080 _a792.071.2.027
090 _a792.071.2.027
_bГ37
100 _aГерладжі Ф. П.
245 _aРежисура театралізованих видовищ, народних свят та обрядів
_bнавчальний посібник
260 _aРівне
_bЛіста
_c1997
300 _a144 с.
_bІлюстрації
650 7 _2UDC
942 _cBK
_2udc
955 _a0